|
|
|
|
| LEADER |
01384nam a2200325 a 4500 |
| 001 |
744189 |
| 008 |
110515s1998 enka b 001 0 eng d |
| 010 |
|
|
|a 99203968
|z 99214209
|
| 015 |
|
|
|a GB98-Y3506
|
| 020 |
|
|
|a 0198752431 (v. 1 : pbk : alk. paper)
|
| 020 |
|
|
|a 0198751796 (v. 2 : alk. paper)
|
| 020 |
|
|
|a 0198751788 (v. 2 : pbk. : alk. paper)
|
| 040 |
|
|
|a UkNcU
|c UkNcU
|d TxU
|d Uk
|d DLC
|d BD-DhAAL
|
| 042 |
|
|
|a lccopycat
|
| 082 |
0 |
0 |
|a 100
|2 21
|
| 245 |
0 |
0 |
|a Philosophy 1 :
|b a guide through the subject /
|c edited by A.C. Grayling.
|
| 246 |
3 |
|
|a Philosophy one
|
| 260 |
|
|
|a Oxford ;
|a New York :
|b Oxford University Press,
|c 1998.
|
| 300 |
|
|
|a vi, 677 p. :
|b ill. ;
|c 24 cm.
|
| 362 |
0 |
|
|v ulume 1
|
| 504 |
|
|
|a Includes bibliographical references and index.
|
| 541 |
|
|
|e 00022499
|
| 505 |
0 |
|
|a v. 1. A guide through the subject -- v. 2. Further through the subject.
|
| 650 |
|
0 |
|a Philosophy.
|
| 700 |
1 |
|
|a Grayling, A. C.
|
| 852 |
1 |
|
|a Ayesha Abed Library
|c General Shelf.
|
| 942 |
0 |
0 |
|0 1
|
| 999 |
|
|
|c 10828
|d 10828
|
| 952 |
|
|
|0 0
|1 0
|2 ddc
|4 0
|6 100_PHI
|7 0
|9 16468
|a BRACUL
|b BRACUL
|c GEN
|d 2011-05-09
|e Karim International
|g 1080.00
|l 5
|m 51
|o 100 PHI
|p 3010022499
|r 2024-05-21
|s 2023-06-19
|t 1
|w 2011-05-16
|y BK
|
| 952 |
|
|
|0 0
|1 0
|2 ddc
|4 0
|6 100_PHI
|7 0
|9 16469
|a BRACUL
|b BRACUL
|c GEN
|d 2011-05-09
|e Karim International
|g 1080.00
|l 7
|m 20
|o 100 PHI
|p 3010022498
|r 2025-10-28
|s 2025-10-24
|t 2
|w 2011-05-16
|y BK
|